00621nam a2200217Ia 4500008004100000020001800041050001400059100001600073245002300089245004700112260001500159260001600174260000900190300001500199300002700214300001000241440002000251500000800271999001900279952010500298170918s9999 xx 000 0 und d a9780545550444 bK641 2013 aKlein, Abby 4aThe reading race / cAbby Klein ; illustrated by John McKinley. aNew York : bScholastic, c2013 a94 pages : bcolored illustration ; c19cm. aReady, Freddy!. a430 c341126d341126 001040aSSISMbSSISMd2017-09-18l0oLEX K641 2013pSSISM0198r2017-09-18 00:00:00w2017-09-18yLEX